000 00458nam a2200169Ia 4500
999 _c12053
_d12053
003 OSt
005 20201103114414.0
008 190216s9999||||xx |||||||||||||| ||und||
040 _coclc
082 _a920
_bJOG/I
100 _aJog, N G
_96215
245 0 _aIn Freedom`s Quest /
_cN G Jog
260 _bOrient Longman,
_c1969.
_aBombay:
300 _a356p
650 _aEnglish Literature
942 _cBK
_2ddc
_h920
_iJOG/I
_k920
_mJOG/I